| 000 | 01019nam a22001697a 4500 | ||
|---|---|---|---|
| 003 | JO-AjAnu | ||
| 005 | 20240629110558.0 | ||
| 008 | 231211b jo ||||| |||| 00| 0 ara d | ||
| 040 |
_bARA _cJO-AjAnu _dANU |
||
| 245 |
_aالغش في نطاق العقد الإلكتروني والآثار المترتبة عليه : دراسة مقارنة = Fraud in the Scope and Implication of the Electronic contract : A Comparative Study / _cاعداد وصفي عبد الحافظ عبد الرحيم أبو رمان ؛ اشراف احمد فهد محمد البطوش |
||
| 260 |
_aعجلون : _bجامعة عجلون الوطنية، _c2023 |
||
| 300 | _a130 ورقه | ||
| 500 | _aرساله جامعية (ماجستير) - جامعة عجلون الوطنية، 2023 تحتوي على مجموعه من القوانين العامه الاردنية | ||
| 650 | _vالعقد الالكتروني-قوانين وتشريعات | ||
| 700 |
_aاحمد فهد محمد البطوش _964913 _eمشرف |
||
| 942 |
_2lcc _cTHS _n0 |
||
| 999 |
_c33271 _d33271 |
||